000 01349nam a2200241Ia 4500
003 Ost
005 20260507075724.0
008 260507s9999||||xx |||||||||||||| ||und||
040 _cfsecg
041 _aara
082 _a1.4
100 _aجلبي، هشام علي
_eمؤلف
245 0 _aالبحث العلمي الإجتماعي :
_bلغته،ومداخله،ومناهجه،وطرائقه /
_c هشام علي جلبي
260 _aالاسكندرية:
_bدار المعرفة الجامعية,
_c2003
300 _a378 صفحة؛
_c24 سم
504 _aبيبليوغرافيا ص.375
520 _aلغة البحث العلمي الإجتماعي ومكونات النظرية العلمية،أنواع المعرفة وقواعدها،استخدام المنهج العلمي(النشأة والتطور)،مداخل دراسة المجتمع،مناهج البحث العلمي الإجتماعي،طرق دراسة المجتمع،أدوات جمع البيانات،عينة البحث الاجتماعي،استراتيجية البحث الاجتماعي
653 _aالبحث الاجتماعي
653 _aالبحث العلمي
700 _aالسيد، عبد العاطي السيد
_eمؤلف ثانوي
700 _aبيومي، محمد أحمد وآخرون
_eمؤلف ثانوي
942 _cكتاب
999 _c45960
_d45960